Welcome to the Holygrace Academy Library

Please use search bar below to get started

ASHOKA (Record no. 3727)

MARC details
000 -LEADER
fixed length control field 00325nam a22001457a 4500
020 ## - INTERNATIONAL STANDARD BOOK NUMBER
ISBN 81-8482-567-4
082 ## - DEWEY DECIMAL CLASSIFICATION NUMBER
Classification number 823
Item number TAL/G
100 ## - MAIN ENTRY--AUTHOR NAME
Personal name TALIM, MEENA
245 ## - TITLE STATEMENT
Title ASHOKA
Remainder of title SHORT STORY
260 ## - PUBLICATION, DISTRIBUTION, ETC. (IMPRINT)
Place of publication MUMBAI
Name of publisher AMAR CHITRA KATHA PVT LTD
Year of publication 2018
300 ## - PHYSICAL DESCRIPTION
Number of Pages 32
520 ## - SUMMARY, ETC.
Summary, etc SHORT STORY
650 ## - SUBJECT ADDED ENTRY--TOPICAL TERM
Topical Term SHORT STORY
942 ## - ADDED ENTRY ELEMENTS (KOHA)
Koha item type Books
Holdings
Withdrawn status Lost status Collection code Home library Current library Shelving location Date acquired Source of acquisition Cost, normal purchase price Serial Enumeration / chronology Full call number Koha item type
    Fiction Main Library Main Library SHELF 4-I GERONIMO STILTON 25/01/2019 Purchase 180.00 10655 823 TAL/G Books